000 00234nam a22000977a 4500
008 160520b xxu||||| |||| 00| 0 eng d
041 _aeng
080 _a615
245 _aInpatient drug formulary:
_cSouthern California;
942 _2udc
_cBK
999 _c2319
_d2319